Bob's Burgers Trivia (Advanced) - Statistics

General Stats
  • This quiz has been taken 119 times
  • The average score is 5 of 17
Answer Stats
Hint Answer % Correct
Who was the Mad Pooper? Zeke
95%
What group costume does Millie want to dress as with Louise in season 4? Dust bunny
62%
What was the name of the horse Tina was assigned to ride at horse camp? Plops
62%
What was the secret hidden room at Wagstaff once used for? Ceramics
44%
What is the name of Gene's favourite chocolate? Chunky Blast Offs
37%
What is the name of the captain's capybara in "Mutiny on the Windbreaker"? Kiki
33%
What are the names of Gene and Tina's handy prancing characters? Holly Monitor
30%
What do Linda's parents forget that leads to an impromptu airport visit in the episode "The Terminalator II: Terminals of Endearment"? Itch cream
30%
What are the names of the actors who starred in the "Hawk and Chick" film series who the belchers meet in season 5? Shinji "Koji" Kojima
20%
What type of mushroom did Bob and Gene go hunting for in the episode "Boys Just Want to Have Fungus"? Wolly Neptune
18%
What are the names of the actors who starred in the "Hawk and Chick" film series who the belchers meet in season 5? Yuki Kojima
18%
What is the name of Bob's pet soap dog? Mr. Doglavich
16%
Who does Bob sell Critter's motorcycle to in the episode "Wag the Hog"? Kenny
13%
What brand of shoe do the Belchers use a box from to catch a ghost? Easy Breezy
11%
Who is Gretchen's sister? Jestain
5%
What are the names of Gene and Tina's handy prancing characters? Mavis Middlefinger
3%
What is the name of the secret society of rich men that Mr. Fischoeder is a part of? The Babylon League
2%
No matching quizzes found
Score Distribution
Percent of People with Each Score
Percentile by Number Answered
Your Score History
You have not taken this quiz